Southville International School and Colleges
Your cart is empty.
  • Cart
  • Lists
    Public lists Eva Luna New books Lux_list list_1
    Your lists Log in to create your own lists
  • Log in to your account
  • Your cookies
  • Search history
Southville International School and Colleges
  • Advanced search
  • Recent comments
  • Most popular
  • Libraries

Log in to your account

Log in with GOOGLE


If you do not have an external account, but do have a local account, you can still log in:

  1. Home
  2. MARC view: Micro perspective of tourism and hospitality /
Normal view MARC view ISBD view

Micro perspective of tourism and hospitality / (Record no. 363122)

[ view plain ]
MARC details
000 -LEADER
fixed length control field 00600nam a2200217Ia 4500
008 - FIXED-LENGTH DATA ELEMENTS--GENERAL INFORMATION
fixed length control field 191119s9999 xx 000 0 und d
020 ## - INTERNATIONAL STANDARD BOOK NUMBER
International Standard Book Number 978-971-23-991-0-7
050 ## - LIBRARY OF CONGRESS CALL NUMBER
Classification number FIL G 155.A1
050 ## - LIBRARY OF CONGRESS CALL NUMBER
Item number .C78 2019 c.2
100 ## - MAIN ENTRY--PERSONAL NAME
Personal name Cruz, Zenaida Lansangan -
245 #0 - TITLE STATEMENT
Title Micro perspective of tourism and hospitality /
245 #0 - TITLE STATEMENT
Statement of responsibility, etc Zenaida Lansangan - Cruz.
260 ## - PUBLICATION, DISTRIBUTION, ETC. (IMPRINT)
Place of publication, distribution, etc Philippines :
260 ## - PUBLICATION, DISTRIBUTION, ETC. (IMPRINT)
Name of publisher, distributor, etc Rex Bookstore,
260 ## - PUBLICATION, DISTRIBUTION, ETC. (IMPRINT)
Date of publication, distribution, etc 2019
300 ## - PHYSICAL DESCRIPTION
Extent 230 pages :
300 ## - PHYSICAL DESCRIPTION
Dimensions 25 cm.
440 ## - SERIES STATEMENT/ADDED ENTRY--TITLE
Title HRM-TM Series
500 ## - GENERAL NOTE
General note Includes bibliographic references and index.
650 ## - SUBJECT ADDED ENTRY--TOPICAL TERM
Topical term or geographic name as entry element Tourism.
Holdings
Withdrawn status Lost status Damaged status Home library Current library Shelving location Date acquired Cost, normal purchase price Total Checkouts Full call number Barcode Date last seen Price effective from Koha item type
      South Mansfield College South Mansfield College Filipiniana Section 08/15/2019 368.00   FIL G 155.A1 .C78 2019 c.2 SMC06257 06/01/2020 06/01/2020  

Micro perspective of tourism and hospitality /

APA

Cruz Z. L. ., .Micro perspective of tourism and hospitality. Philippines: .

Chicago

Cruz Zenaida Lansangan, .Micro perspective of tourism and hospitality. Philippines: .

Harvard

Cruz Z. L. ., .Micro perspective of tourism and hospitality. Philippines: .

MLA

Cruz Zenaida Lansangan, .Philippines: . .

  • Place hold
  • Print
  • Cite
  • Add to your cart (remove)
  • Save record
    BIBTEX Dublin Core MARCXML MARC (non-Unicode/MARC-8) MARC (Unicode/UTF-8) MARC (Unicode/UTF-8, Standard) MODS (XML) RIS
  • More searches
    Search for this title in:
    Other Libraries (WorldCat) Other Databases (Google Scholar) Online Stores (Bookfinder.com) Open Library (openlibrary.org)

Exporting to Dublin Core...

SOUTHVILLE LIBRARY

Southville International School and Colleges Library

1281 Tropical Ave. Cor. Luxembourg St., BF Homes International, Las Pinas City

Tel. No. 8256374 / 252358 Loc. 117/146

Powered by Koha